Women in management: A framework for sustainable work-life integration (Record no. 27557)

MARC details
000 -LEADER
fixed length control field 00499nam a2200169Ia 4500
008 - FIXED-LENGTH DATA ELEMENTS--GENERAL INFORMATION
fixed length control field 230917s9999||||xx |||||||||||||| ||und||
020 ## - ISBN
Price GBP49.99
040 ## - CATALOGING SOURCE
-- 249042
Original cataloging agency VIVEKANANDA LIBRARY
041 ## - Language
-- English
082 ## - DDC NUMBER
Classification number 658.409 B41W
100 ## - MAIN ENTRY--PERSONAL NAME
Personal name Belasen, Alan T
245 #0 - TITLE STATEMENT
Title Women in management: A framework for sustainable work-life integration
260 ## - PUBLICATION, DISTRIBUTION, ETC. (IMPRINT)
Place of publication, distribution, etc Routledge
Name of publisher, distributor, etc Oxon
Date of publication, distribution, etc 2017
300 ## - PHYSICAL DESCRIPTION
Pages xx, 329 p.
500 ## - GENERAL NOTE
General note 3201 26/07/2018 APD18/1080231 01/08/2018 IMSAR (Dev. & Research)
942 ## - ADDED ENTRY ELEMENTS (KOHA)
Koha item type Books
Holdings
Withdrawn status Lost status Damaged status Not for loan Location (home branch) Sublocation or collection (holding branch) Shelving location Date acquired Koha issues (times borrowed) Koha full call number Accession No. Koha date last seen Koha item type
        VIVEKANANDA LIBRARY VIVEKANANDA LIBRARY IMSAR Library 17/09/2018   658.409 B41W 374512 17/09/2023 Books
© Designed and Maintained by Vivekananda Library, MDU Rohtak